The wisdom of Jesus / (Record no. 5618)

MARC details
000 -LEADER
fixed length control field 01087cam a2200313 a 4500
001 - CONTROL NUMBER
control field 2580241
003 - CONTROL NUMBER IDENTIFIER
control field GBCCL
005 - DATE AND TIME OF LATEST TRANSACTION
control field 20241126110546.0
008 - FIXED-LENGTH DATA ELEMENTS--GENERAL INFORMATION
fixed length control field 960718s1997 nyua b 001 0deng
010 ## -
-- 96030611
020 ## - INTERNATIONAL STANDARD BOOK NUMBER
International Standard Book Number 0895779080
040 ## - CATALOGING SOURCE
Original cataloging agency DLC
Transcribing agency DLC
Modifying agency DLC
050 00 -
-- BS2415
-- .B69 1997
082 00 - DEWEY DECIMAL CLASSIFICATION NUMBER
Classification number 232.954
Edition information 20
Item number BRA
100 1# - MAIN ENTRY--PERSONAL NAME
Personal name Braybrooke, Marcus.
9 (RLIN) 3922
245 14 - TITLE STATEMENT
Title The wisdom of Jesus /
Statement of responsibility, etc. Marcus Braybrooke.
250 ## - EDITION STATEMENT
Edition statement 1st North American ed.
260 ## - PUBLICATION, DISTRIBUTION, ETC.
Place of publication, distribution, etc. Pleasantville, N.Y. :
Name of publisher, distributor, etc. Reader's Digest Association,
Date of publication, distribution, etc. c1997.
300 ## - PHYSICAL DESCRIPTION
Extent 95 p. :
Other physical details col. ill. ;
Dimensions 27 cm.
440 #0 - SERIES STATEMENT/ADDED ENTRY--TITLE
Title Bible wisdom for today
9 (RLIN) 9108
504 ## - BIBLIOGRAPHY, ETC. NOTE
Bibliography, etc. note Includes bibliographical references (p. 92) and index.
600 00 - SUBJECT ADDED ENTRY--PERSONAL NAME
Personal name Jesus Christ
General subdivision Teachings.
9 (RLIN) 527
600 00 - SUBJECT ADDED ENTRY--PERSONAL NAME
Personal name Jesus Christ
General subdivision Parables.
9 (RLIN) 2282
600 00 - SUBJECT ADDED ENTRY--PERSONAL NAME
Personal name Jesus Christ
General subdivision Preaching.
9 (RLIN) 10155
600 00 - SUBJECT ADDED ENTRY--PERSONAL NAME
Personal name Jesus Christ
General subdivision Counseling methods.
9 (RLIN) 10156
906 ## - LOCAL DATA ELEMENT F, LDF (RLIN)
a 7
b cbc
c orignew
d 1
e ocip
f 19
g y-gencatlg
942 ## - ADDED ENTRY ELEMENTS (KOHA)
Source of classification or shelving scheme Dewey Decimal Classification
Koha item type Books
Holdings
Withdrawn status Lost status Source of classification or shelving scheme Damaged status Not for loan Home library Current Library Shelving location Date acquired Total checkouts Full call number Barcode Date last seen Copy number Price effective from Koha item type
    Dewey Decimal Classification     GRACE BIBLE COLLEGE GRACE BIBLE COLLEGE Theology 2018-04-02   232.954 BRA 004977 2025-05-01 c.1 2018-04-02 Books
© Grace Bible College Library 2025